| 000 | 004760000a22001930004500 | ||
|---|---|---|---|
| 999 |
_c49219 _d49219 |
||
| 001 | 2071 | ||
| 003 | CO-MdFUSB | ||
| 005 | 20181001163012.0 | ||
| 008 | 181001b xxu||||| |||| 00| 0 eng d | ||
| 020 | _a0-590-44288-0 | ||
| 040 | _cCO-MdBIC | ||
| 082 | 0 | 4 | _a813C B76ch |
| 100 | 1 | _aBridwell, Norman | |
| 245 | 1 | 0 | _aClifford´s christmas / Norman Bridwell |
| 260 | _aUSA : Scholastic | ||
| 300 | _a[30 P.] | ||
| 650 | 1 | 4 | _aCuentos Infantiles estadounidenses |
| 942 | _cLGB | ||